Những tầm cao : Tiểu thuyết

Gorde:
Xehetasun bibliografikoak
Egile nagusia: Hồ Phương
Formatua: Liburua
Hizkuntza:Undetermined
Argitaratua: Hà Nội Hội Nhà văn 2014
Gaiak:
Etiketak: Etiketa erantsi
Etiketarik gabe, Izan zaitez lehena erregistro honi etiketa jartzen!
Thư viện lưu trữ: Trung tâm Học liệu Trường Đại học Cần Thơ
LEADER 00623nam a2200205Ia 4500
001 CTU_209964
008 210402s9999 xx 000 0 und d
082 |a 895.922334 
082 |b H450/T.2 
100 |a Hồ Phương 
245 0 |a Những tầm cao : 
245 0 |b Tiểu thuyết 
245 0 |c Hồ Phương 
260 |a Hà Nội 
260 |b Hội Nhà văn 
260 |c 2014 
650 |a Vietnamese literature,Văn học Việt Nam 
650 |y 20th century,Thế kỷ 20 
904 |i Nguyễn Ngọc Quý, Trúc 
980 |a Trung tâm Học liệu Trường Đại học Cần Thơ